[Event "Mondiale Lampo FIDE 2022"]
[Site "Alma Ata"]
[Date "29.12.2022"]
[Round "4.36"]
[White "Riazantsev, Alexander"]
[Black "Urazayev, Arystanbek"]
[Result "1-0"]
[WhiteTitle ""]
[BlackTitle ""]
[WhiteElo "2626"]
[BlackElo "2465"]
[WhiteFideId "4125029"]
[BlackFideId "13709810"]
[EventDate "29.12.2022"]

1. d4 d5 2. c4 e6 3. Nc3 Nf6 4. Bg5 dxc4 5. e3 a6 6. Bxc4 c5 7. dxc5 Bxc5 8.
Qxd8+ Kxd8 9. O-O-O+ Kc7 10. Bf4+ Kc6 11. Be2 Bd7 12. Nf3 Kb6 13. Ne5 Be8 14.
Bf3 Be7 15. Nc4+ Ka7 16. Nd6 Bxd6 17. Bxd6 Bc6 18. e4 Nbd7 19. Kb1 e5 20. Nd5
Bxd5 21. exd5 e4 22. Be2 Rac8 23. Bf4 b6 24. Rd4 Kb7 25. f3 Rhe8 26. Rhd1 Nc5
27. Bg5 h6 28. Bxf6 gxf6 29. fxe4 Nxe4 30. Bf3 f5 31. d6 Rcd8 32. Rd5 Kb8 33. d7
Re7 34. Rxf5 Nc5 35. Rf6 Nxd7 36. Rxh6 Rc8 37. Rhd6 Rc7 38. h4 Ne5 39. Rxb6+ Ka7
40. Rf6 Nc4 41. a3 Re5 42. Rc6 Rxc6 43. Bxc6 Re2 44. Rd7+ Kb6 45. Bd5 Ne3 46.
Bf3 Re1+ 47. Ka2 Nc2 48. Rxf7 a5 49. Rf4 Kc5 50. h5 Rh1 51. g4 Ra1+ 52. Kb3 Nd4+
53. Kc3 Rc1+ 54. Kd3 Ne6 55. Rf5+ Kd6 56. Rxa5 Rf1 57. Be2 Rg1 58. Ke3 Rg3+ 59.
Kf2 Rh3 60. a4 Nf4 61. Bf3 Nd3+ 62. Ke3 Ne1 63. Rf5 Nc2+ 64. Ke4 Rh2 65. a5 Rd2
66. Rf6+ Ke7 67. Rb6 Rd4+ 68. Ke5 Ra4 69. Rb7+ Kf8 70. h6 Rxa5+ 71. Kf6 Ra6+ 72.
Kg5 Nd4 73. Bd5 Ra5 74. Rd7 Ke8 75. h7 Kxd7 76. h8=Q Rxd5+ 77. Kf4 Ne6+ 78. Ke3
Rg5 79. Qh7+ Kd6 80. Qd3+ Ke7 81. Kf3 Nc5 82. Qe3+ Ne6 83. b4 Rd5 84. Kg3 Rb5
85. Qc3 Rg5 86. Kh4 Rd5 87. Qc4 Rd4 88. Qb3 Rf4 89. b5 Nd4 90. Qe3+ Ne6 91. b6
Rb4 92. Qa3 1-0

[Event "Mondiale Lampo FIDE 2022"]
[Site "Alma Ata"]
[Date "29.12.2022"]
[Round "4.37"]
[White "Lintchevski, Daniil"]
[Black "Tin, Jingyao"]
[Result "0-1"]
[WhiteTitle ""]
[BlackTitle ""]
[WhiteElo "2548"]
[BlackElo "2562"]
[WhiteFideId "4171055"]
[BlackFideId "5804418"]
[EventDate "29.12.2022"]

1. e4 c6 2. Nf3 d5 3. d3 dxe4 4. dxe4 Qxd1+ 5. Kxd1 Nf6 6. Nbd2 h5 7. Bd3 g6 8.
a4 Bh6 9. h3 Nfd7 10. Nb3 Bxc1 11. Kxc1 Nf8 12. a5 h4 13. Ra4 Ne6 14. e5 g5 15.
Bf5 Na6 16. Bxe6 Bxe6 17. Nxg5 Bxb3 18. cxb3 Nc5 19. Ra3 Nd3+ 20. Kc2 Nxf2 21.
Rf1 Rg8 22. Nf3 Ne4 23. Nxh4 Rd8 24. Ra4 Rd2+ 25. Kc1 Re2 26. Rd4 Nc5 27. Rf3
Rxe5 28. b4 Ne6 29. Rc4 Re2 30. g4 Ng5 31. Rd3 Rh2 32. Nf5 Rxh3 33. Rd1 a6 34.
Re1 Ne6 35. Ne3 Rg5 36. Kb1 Re5 37. Rcc1 Rexe3 0-1

[Event "Mondiale Lampo FIDE 2022"]
[Site "Alma Ata"]
[Date "29.12.2022"]
[Round "4.38"]
[White "Grischuk, Alexander"]
[Black "Ansat, Aldiyar"]
[Result "0-1"]
[WhiteTitle ""]
[BlackTitle ""]
[WhiteElo "2745"]
[BlackElo "2291"]
[WhiteFideId "4126025"]
[BlackFideId "13715658"]
[EventDate "29.12.2022"]

1. Nf3 Nf6 2. g3 g6 3. c4 c5 4. Nc3 Bg7 5. Bg2 O-O 6. d4 cxd4 7. Nxd4 Qc7 8. Qd3
Nc6 9. O-O a6 10. Bf4 e5 11. Nxc6 dxc6 12. Be3 Bf5 13. Qd2 Rad8 14. Qc1 Rfe8 15.
h3 h5 16. Rd1 Qc8 17. Rxd8 Rxd8 18. Qf1 b5 19. cxb5 cxb5 20. Bg5 Rd6 21. Rc1 Qd7
22. a3 Kh7 23. Bxf6 Bxf6 24. Ne4 Bxe4 25. Bxe4 Rd2 26. b4 h4 27. g4 Bg5 28. Kg2
Rd4 29. Bc6 Qd6 30. e3 Rd2 31. Kg1 Kg7 32. Be4 Qd7 33. Qe1 Be7 34. Kg2 Qd6 35.
Rc2 Rxc2 36. Bxc2 Qc6+ 0-1

[Event "Mondiale Lampo FIDE 2022"]
[Site "Alma Ata"]
[Date "29.12.2022"]
[Round "4.40"]
[White "Sargissian, Gabriel"]
[Black "Svane, Rasmus"]
[Result "1/2-1/2"]
[WhiteTitle ""]
[BlackTitle ""]
[WhiteElo "2699"]
[BlackElo "2622"]
[WhiteFideId "13300881"]
[BlackFideId "4657101"]
[EventDate "29.12.2022"]

1. d4 Nf6 2. Nf3 d5 3. c4 e6 4. g3 Be7 5. Bg2 O-O 6. O-O dxc4 7. Qc2 a6 8. a4
Bd7 9. Qxc4 Bc6 10. Bf4 Bd6 11. Bg5 Nbd7 12. Qc1 h6 13. Bxf6 Nxf6 14. Nc3 a5 15.
Rd1 Bxf3 16. Bxf3 c6 17. Qc2 Qe7 18. e3 Rfd8 19. Rac1 Rac8 20. Qb3 Bb4 21. Na2
Bd6 22. Nc3 Bb4 23. Ne4 Nxe4 24. Bxe4 g6 25. Kg2 Kg7 26. h4 h5 27. Bf3 Qf6 28.
Rd3 Rc7 29. Rcd1 Rcd7 30. Qc2 Rd6 31. Be4 R6d7 32. Bf3 Rd6 33. Be4 1/2-1/2

[Event "Mondiale Lampo FIDE 2022"]
[Site "Alma Ata"]
[Date "29.12.2022"]
[Round "4.41"]
[White "Vallejo Pons, Francisco"]
[Black "Chigaev, Maksim"]
[Result "0-1"]
[WhiteTitle ""]
[BlackTitle ""]
[WhiteElo "2716"]
[BlackElo "2632"]
[WhiteFideId "2205530"]
[BlackFideId "4108116"]
[EventDate "29.12.2022"]

1. e4 c5 2. Nc3 d6 3. d4 cxd4 4. Qxd4 Nc6 5. Qd2 g6 6. b3 Bh6 7. f4 Nf6 8. Bb2
e5 9. g3 exf4 10. O-O-O Bg4 11. Re1 O-O 12. h3 Be6 13. Bg2 Nh5 14. g4 Ng3 15.
Rh2 Ne5 16. Kb1 a5 17. a4 Rc8 18. Nf3 Nxf3 19. Bxf3 Bg7 20. Nb5 Be5 21. Rd1 Qf6
22. Bxe5 dxe5 23. Qxa5 Rfd8 24. Rhd2 Rxd2 25. Qxd2 Qh4 26. Qg2 h5 27. gxh5 g5
28. Nd6 Rd8 29. Qg1 Qxh3 30. Nxb7 Rxd1+ 31. Qxd1 g4 32. a5 gxf3 33. Qxf3 Bg4 34.
Qd3 f3 35. a6 f2 36. a7 f1=Q+ 37. Kb2 Qxd3 38. a8=Q+ Kh7 39. cxd3 Qh2+ 40. Ka3
Qg1 41. Qf8 Qa7+ 42. Kb2 Qxb7 43. h6 f5 44. Qf6 fxe4 45. Qxe5 exd3 46. Qxg3 Qe4
47. Qf2 0-1

[Event "Mondiale Lampo FIDE 2022"]
[Site "Alma Ata"]
[Date "29.12.2022"]
[Round "4.42"]
[White "Puranik, Abhimanyu"]
[Black "Brunello, Sabino"]
[Result "0-1"]
[WhiteTitle ""]
[BlackTitle ""]
[WhiteElo "2616"]
[BlackElo "2519"]
[WhiteFideId "5061245"]
[BlackFideId "813613"]
[EventDate "29.12.2022"]

1. e4 e5 2. Nf3 Nc6 3. Bb5 a6 4. Ba4 Nf6 5. O-O Be7 6. Re1 b5 7. Bb3 d6 8. c3
O-O 9. d4 Bg4 10. d5 Na5 11. Bc2 c6 12. h3 Bc8 13. dxc6 Qc7 14. Nbd2 Qxc6 15.
Nf1 Be6 16. Ng3 h6 17. Nh4 Rfc8 18. Nhf5 Bf8 19. Qf3 Nd7 20. Nh5 Kh7 21. Nhxg7
Bxg7 22. Nxg7 Kxg7 23. Qg3+ Kf8 24. Bxh6+ Ke7 25. a4 Rg8 26. Qh4+ f6 27. axb5
axb5 28. Be3 Nc4 29. Qh7+ Bf7 30. Rxa8 Qxa8 31. Bc1 Rh8 32. Qf5 Qg8 33. Kh2 Bh5
34. Bd1 Qe6 35. Bxh5 Qxf5 36. exf5 Rxh5 37. g4 Rh8 38. f4 Nc5 39. Rd1 Nb3 40. g5
Nxc1 41. Rxc1 exf4 42. g6 Ne3 43. Ra1 Nxf5 44. Ra7+ Ke6 45. Kg2 Nh4+ 46. Kf2
Nxg6 47. Rg7 Ne5 48. Kg2 b4 49. cxb4 Rb8 0-1

[Event "Mondiale Lampo FIDE 2022"]
[Site "Alma Ata"]
[Date "29.12.2022"]
[Round "4.43"]
[White "Tsaruk, Maksim"]
[Black "Harikrishna, Pentala"]
[Result "1/2-1/2"]
[WhiteTitle ""]
[BlackTitle ""]
[WhiteElo "2373"]
[BlackElo "2705"]
[WhiteFideId "13511173"]
[BlackFideId "5007003"]
[EventDate "29.12.2022"]

1. e4 c5 2. Nf3 e6 3. d4 cxd4 4. Nxd4 Nc6 5. Nc3 Qc7 6. a3 a6 7. Be3 b5 8. Nxc6
Qxc6 9. Be2 Bb7 10. Bf3 Qc7 11. O-O Bd6 12. h3 Nf6 13. Qd3 O-O 14. Rad1 Bh2+ 15.
Kh1 Be5 16. Bd4 Rfd8 17. Bxe5 Qxe5 18. Qd6 Qxd6 19. Rxd6 Ne8 20. Rb6 Bc6 21. Rd1
Rdb8 22. Rxb8 Rxb8 23. e5 Bxf3 24. gxf3 Rb7 25. Ne4 Rc7 26. c3 f5 27. Nd6 Kf8
28. Kg2 Rc6 29. Nb7 Ke7 30. f4 g6 31. Kf3 Nc7 32. Rd6 Nd5 33. Rxc6 dxc6 34. Nc5
a5 35. a4 Nb6 36. b3 Nd5 37. c4 1/2-1/2

[Event "Mondiale Lampo FIDE 2022"]
[Site "Alma Ata"]
[Date "29.12.2022"]
[Round "4.44"]
[White "Idani, Pouya"]
[Black "Nguyen, Thai Dai Van"]
[Result "1/2-1/2"]
[WhiteTitle ""]
[BlackTitle ""]
[WhiteElo "2637"]
[BlackElo "2656"]
[WhiteFideId "12510130"]
[BlackFideId "358878"]
[EventDate "29.12.2022"]

1. e4 c5 2. Nf3 e6 3. d4 cxd4 4. Bg5 Be7 5. Bxe7 Nxe7 6. Qxd4 O-O 7. Nc3 d5 8.
exd5 Nxd5 9. Nxd5 Nc6 10. Qh4 Qxh4 11. Nxh4 exd5 12. O-O-O Rd8 13. Be2 Be6 14.
Nf3 Rac8 15. Nd4 Kf8 16. Rhe1 Ke7 17. Bg4 Nxd4 18. Rxd4 Rc4 19. Rxc4 dxc4 20.
Bxe6 fxe6 21. Re4 b5 22. a4 a6 23. axb5 axb5 24. c3 Rd5 25. Kc2 g5 26. h4 h6 1/2-1/2

[Event "Mondiale Lampo FIDE 2022"]
[Site "Alma Ata"]
[Date "29.12.2022"]
[Round "4.45"]
[White "Moussard, Jules"]
[Black "Vakhidov, Jakhongir"]
[Result "0-1"]
[WhiteTitle ""]
[BlackTitle ""]
[WhiteElo "2684"]
[BlackElo "2607"]
[WhiteFideId "642908"]
[BlackFideId "14201801"]
[EventDate "29.12.2022"]

1. c4 g6 2. Nf3 c5 3. g3 Bg7 4. Bg2 Nc6 5. O-O d6 6. Nc3 Rb8 7. e3 Nh6 8. d4
cxd4 9. exd4 Bg4 10. Bxh6 Bxh6 11. h3 Bxf3 12. Bxf3 Bg7 13. d5 Ne5 14. Be2 O-O
15. Qd2 Qc8 16. Qe3 Qxh3 17. Qxa7 Rbc8 18. Qxb7 Rb8 19. Qa7 Rxb2 20. Bd1 f5 21.
Qe3 Bh6 22. Qd4 f4 23. Qe4 0-1

[Event "Mondiale Lampo FIDE 2022"]
[Site "Alma Ata"]
[Date "29.12.2022"]
[Round "4.47"]
[White "Vokhidov, Shamsiddin"]
[Black "Suleymanli, Aydin"]
[Result "1-0"]
[WhiteTitle ""]
[BlackTitle ""]
[WhiteElo "2579"]
[BlackElo "2543"]
[WhiteFideId "14204223"]
[BlackFideId "13413937"]
[EventDate "29.12.2022"]

1. e4 e6 2. d4 d5 3. Nc3 Bb4 4. exd5 exd5 5. Bd3 h6 6. Ne2 Nf6 7. a3 Bd6 8. Nb5
Be7 9. Bf4 Na6 10. Nbc3 c6 11. Bxa6 bxa6 12. O-O O-O 13. Ng3 Re8 14. Re1 Bf8 15.
Qd2 Be6 16. h3 Kh7 17. Qd3+ g6 18. Qxa6 Qd7 19. Qd3 a5 20. Na4 Qa7 21. Re2 Nd7
22. Rae1 Bg7 23. c3 Kg8 24. Bd6 h5 25. Rxe6 Rxe6 26. Rxe6 fxe6 27. Qxg6 Nf8 28.
Bxf8 Rxf8 29. Qxh5 Qf7 30. Qe2 e5 31. dxe5 Re8 32. Nc5 Rxe5 33. Qd2 Re8 34. Nd3
Qg6 35. Ne2 Bh6 36. Qd1 Qh5 37. Kf1 Rf8 38. Qa4 Qf5 39. Qg4+ Kh7 40. Qxf5+ Rxf5
41. f4 c5 42. g3 Bf8 43. Kf2 Rf6 44. Ne5 Kg7 45. Nc1 Rb6 46. b3 Rb7 47. c4 dxc4
48. Nxc4 a4 49. bxa4 Rb1 50. Nd3 Rb3 51. Ke2 Rc3 52. Nde5 Rxg3 53. a5 Kh7 54. a6
Rg7 55. Nc6 Rg2+ 56. Kd3 Rg3+ 57. Kc2 Bg7 58. a7 Rc3+ 59. Kd2 Rxc4 60. a8=Q Rxf4
61. Qe8 c4 62. Qh5+ Bh6 63. Kc3 Kg7 64. Qe5+ 1-0

[Event "Mondiale Lampo FIDE 2022"]
[Site "Alma Ata"]
[Date "29.12.2022"]
[Round "4.48"]
[White "Madaminov, Mukhiddin"]
[Black "Tsydypov, Zhamsaran"]
[Result "1-0"]
[WhiteTitle ""]
[BlackTitle ""]
[WhiteElo "2438"]
[BlackElo "2534"]
[WhiteFideId "14210703"]
[BlackFideId "4108566"]
[EventDate "29.12.2022"]

1. d4 Nf6 2. Nc3 d5 3. Bf4 a6 4. e3 e6 5. g4 h6 6. Bg2 c5 7. h3 Nc6 8. Nf3 cxd4
9. exd4 Bd6 10. Qd2 b5 11. Ne5 Bb7 12. O-O O-O 13. Ne2 Rc8 14. Rae1 Na5 15. c3
Nc4 16. Nxc4 bxc4 17. Ng3 Be7 18. g5 hxg5 19. Bxg5 Bc6 20. f4 Qc7 21. Qf2 Rce8
22. Re3 Bd7 23. Rfe1 Nh7 24. Bxe7 Rxe7 25. Bxd5 Ree8 26. Bg2 Nf6 27. f5 exf5 28.
Nxf5 Bxf5 29. Qxf5 Rb8 30. R1e2 Rb5 31. Re5 Qb6 32. Rxb5 axb5 33. a3 g6 34. Qc5
Qb8 35. Qe5 Qb6 36. Rf2 Nh5 37. Bd5 Ng7 38. Rf6 Qb8 39. Bxf7+ Kh8 40. Bxg6 Rg8
41. Qxb8 Rxb8 42. Kf2 Kg8 43. h4 Rb7 44. h5 Re7 45. Kg3 Ne6 46. Bf7+ Rxf7 47.
Rxe6 Rf1 48. Re5 1-0

[Event "Mondiale Lampo FIDE 2022"]
[Site "Alma Ata"]
[Date "29.12.2022"]
[Round "4.49"]
[White "Murzin, Volodar"]
[Black "Agmanov, Zhandos"]
[Result "1/2-1/2"]
[WhiteTitle ""]
[BlackTitle ""]
[WhiteElo "2561"]
[BlackElo "2442"]
[WhiteFideId "44155573"]
[BlackFideId "13708309"]
[EventDate "29.12.2022"]

1. e4 c6 2. d3 d5 3. Nd2 e5 4. Ngf3 Bd6 5. g3 Nf6 6. Bg2 O-O 7. O-O Re8 8. c3
Nbd7 9. Re1 Nf8 10. Qc2 h6 11. Nf1 Qc7 12. Ne3 Be6 13. Nh4 dxe4 14. dxe4 Ng6 15.
Nxg6 fxg6 16. Bd2 a5 17. b3 Rf8 18. Rad1 Bc5 19. h3 Rf7 20. Bc1 Raf8 21. Re2 Nh5
22. Rf1 Qc8 1/2-1/2

[Event "Mondiale Lampo FIDE 2022"]
[Site "Alma Ata"]
[Date "29.12.2022"]
[Round "4.50"]
[White "Petkov, Momchil"]
[Black "Anton Guijarro, David"]
[Result "0-1"]
[WhiteTitle ""]
[BlackTitle ""]
[WhiteElo "2531"]
[BlackElo "2675"]
[WhiteFideId "2921642"]
[BlackFideId "2285525"]
[EventDate "29.12.2022"]

1. d4 Nf6 2. Nf3 d5 3. Bf4 e6 4. e3 Bd6 5. c3 O-O 6. Nbd2 c5 7. Ne5 c4 8. h4 Nc6
9. h5 h6 10. Bg3 Bxe5 11. dxe5 Nd7 12. Nf3 b5 13. Be2 Nc5 14. Nd4 Qb6 15. Bf4
Bd7 16. g4 b4 17. g5 hxg5 18. Bxg5 Ne4 19. h6 Nxg5 20. hxg7 Kxg7 21. Rg1 f6 22.
f4 bxc3 23. bxc3 Nxd4 24. exd4 Qb2 25. exf6+ Kxf6 26. fxg5+ Kg7 27. Qc1 Rab8 28.
Rg2 Qxc1+ 29. Rxc1 Rb2 30. Bf3 Rxg2 31. Bxg2 Rb8 32. Kd2 Kg6 33. Bf3 Kxg5 34.
Rg1+ Kf4 35. Bd1 Rb2+ 36. Kc1 Rxa2 37. Rf1+ Ke3 38. Bc2 Ba4 39. Re1+ Kf4 40.
Rf1+ Kg5 41. Rg1+ Kf6 42. Rg6+ Kf7 43. Bb1 Ra1 44. Rh6 Bb3 45. Kb2 Ra6 46. Rh7+
Kf6 47. Rh6+ Kg5 48. Rh7 Ra5 49. Rf7 a6 50. Rf8 Rb5 51. Kc1 a5 52. Ra8 a4 53.
Bh7 Rb7 54. Bg8 Re7 55. Ra6 Kf6 56. Ra8 Rg7 57. Kb2 Rg3 58. Ra6 Rxg8 0-1

[Event "Mondiale Lampo FIDE 2022"]
[Site "Alma Ata"]
[Date "29.12.2022"]
[Round "4.51"]
[White "Ter-Sahakyan, Samvel"]
[Black "Isanzhulov, Arystan"]
[Result "1/2-1/2"]
[WhiteTitle ""]
[BlackTitle ""]
[WhiteElo "2605"]
[BlackElo "2313"]
[WhiteFideId "13302531"]
[BlackFideId "13711644"]
[EventDate "29.12.2022"]

1. d4 Nf6 2. Nf3 d6 3. c4 g6 4. Nc3 Bf5 5. Bg5 Bg7 6. e3 O-O 7. Bd3 Bxd3 8. Qxd3
c5 9. O-O Nc6 10. d5 Na5 11. e4 Nd7 12. Rfe1 Re8 13. h4 Qb6 14. b3 h5 15. Bf4
Ne5 16. Nxe5 dxe5 17. Be3 Rac8 18. Rab1 Qd8 19. a3 b6 20. Rec1 Nc6 21. b4 Nd4
22. bxc5 bxc5 23. Rb7 e6 24. Bg5 Qa5 25. Nb5 Qa6 26. Rc7 exd5 27. Rxc8 Rxc8 28.
exd5 e4 29. Qxe4 Nxb5 30. cxb5 Qxb5 31. d6 Bf8 32. Qd5 Qd7 33. Bf4 Rd8 34. Rd1
Rc8 35. Qc4 Rc6 36. Qb5 Kh7 37. g3 c4 38. Bg5 Bxd6 39. Bf4 c3 40. Qd3 c2 41. Rc1
Qc7 42. Bxd6 Rxd6 43. Qxc2 Qxc2 44. Rxc2 Ra6 45. Rc3 Kg7 46. Kf1 Kf6 47. Ke2 Ke6
48. Kd3 Kd5 49. Rb3 Rf6 50. f4 Ra6 51. Rc3 Ra5 52. Ke3 Ra6 53. Kd3 Ra5 54. Ke3
Ra6 55. f5 Ke5 56. fxg6 fxg6 57. Rd3 Ra4 58. Rb3 Ra5 59. Rd3 Ra4 60. Rc3 Ra5 61.
Rb3 Ra4 62. Rb5+ Ke6 63. Rb3 Ke5 64. Rb5+ Ke6 1/2-1/2

[Event "Mondiale Lampo FIDE 2022"]
[Site "Alma Ata"]
[Date "29.12.2022"]
[Round "4.52"]
[White "Cheng, Bobby"]
[Black "Sarana, Alexey"]
[Result "0-1"]
[WhiteTitle ""]
[BlackTitle ""]
[WhiteElo "2583"]
[BlackElo "2668"]
[WhiteFideId "4300033"]
[BlackFideId "24133795"]
[EventDate "29.12.2022"]

1. d4 Nf6 2. c4 e6 3. Nf3 d5 4. g3 Bb4+ 5. Bd2 Be7 6. Bg2 Nbd7 7. O-O c6 8. Qc2
O-O 9. Bf4 h6 10. Rd1 a5 11. Ne5 Nh5 12. Bc1 Nhf6 13. Bf4 Nxe5 14. dxe5 Nd7 15.
cxd5 cxd5 16. e4 d4 17. Rxd4 Bb4 18. a3 Qb6 19. Be3 Bc5 20. Rd6 Qa7 21. Bxc5
Nxc5 22. Nc3 Bd7 23. Rad1 Be8 24. Qd2 Bc6 25. Qe3 Rfc8 26. b4 axb4 27. axb4 Na4
28. Qxa7 Rxa7 29. Ne2 Nb2 30. Rc1 Rca8 31. Nd4 Be8 32. Bf1 Ra4 33. Bb5 Bxb5 34.
Nxb5 Rxb4 35. Nd4 Nd3 36. Rc7 Nxe5 37. Kg2 Ra2 0-1

[Event "Mondiale Lampo FIDE 2022"]
[Site "Alma Ata"]
[Date "29.12.2022"]
[Round "4.53"]
[White "Matlakov, Maxim"]
[Black "Damjanovic, Vuk"]
[Result "1-0"]
[WhiteTitle ""]
[BlackTitle ""]
[WhiteElo "2662"]
[BlackElo "2361"]
[WhiteFideId "4168003"]
[BlackFideId "980021"]
[EventDate "29.12.2022"]

1. d4 d5 2. c4 e6 3. Nf3 Nf6 4. g3 h6 5. Bg2 Bd6 6. O-O O-O 7. Qc2 b6 8. cxd5
exd5 9. Nc3 Bb7 10. b3 a6 11. Bb2 Nbd7 12. e3 Qe7 13. Nh4 Rfe8 14. Nf5 Qf8 15.
Ne2 Rac8 16. Rac1 Bb4 17. Rcd1 Ne4 18. Qc1 g6 19. a3 Bd2 20. Rxd2 Nxd2 21. Nxh6+
Qxh6 22. Qxd2 Nf6 23. Nf4 Qf8 24. f3 Qd6 25. Re1 Rcd8 26. b4 Qd7 27. Qf2 Re7 28.
g4 Ree8 29. h4 Bc6 30. Qg3 Qd6 31. Kf2 Re7 32. g5 Nh7 33. Rh1 Rde8 34. Bc1 Bd7
35. h5 Bf5 36. hxg6 fxg6 37. Rh6 Rg7 38. Qh4 c6 39. Nh5 Qe7 40. Nf6+ Nxf6 41.
gxf6 g5 42. Qh2 Qc7 43. fxg7 Qxh2 44. Rxh2 Kxg7 45. Bd2 Bd3 46. Rh1 Bf5 47. Rc1
Re6 48. e4 dxe4 49. fxe4 Bxe4 50. Bxe4 1-0

[Event "Mondiale Lampo FIDE 2022"]
[Site "Alma Ata"]
[Date "29.12.2022"]
[Round "4.54"]
[White "Kobalia, Mikhail"]
[Black "Zhalmakhanov, Ramazan"]
[Result "1-0"]
[WhiteTitle ""]
[BlackTitle ""]
[WhiteElo "2577"]
[BlackElo "2401"]
[WhiteFideId "4119150"]
[BlackFideId "13706357"]
[EventDate "29.12.2022"]

1. e4 c5 2. Nf3 d6 3. Bb5+ Nd7 4. O-O Nf6 5. Re1 a6 6. Bf1 e6 7. c3 b5 8. d4 Bb7
9. Nbd2 Be7 10. Bd3 O-O 11. Nf1 e5 12. Ng3 g6 13. h3 Re8 14. Be3 exd4 15. cxd4
Bf8 16. d5 Bg7 17. Rc1 c4 18. Bb1 Nc5 19. Bd4 Nfd7 20. Qd2 Bxd4 21. Qxd4 Qf6 22.
Qd2 Rac8 23. Re3 Ne5 24. Nxe5 Qxe5 25. Rf1 Na4 26. b3 c3 27. Qe2 Nc5 28. b4 Nd7
29. Bc2 Qd4 30. a3 Ne5 31. Kh2 Qd2 32. Rd1 Qxe2 33. Nxe2 Nc4 34. Rxc3 Nxa3 35.
Bd3 Rxc3 36. Nxc3 Rc8 37. Ne2 Nc2 38. Rb1 Kf8 39. Rb2 Na3 40. Kg3 Ke7 41. h4 h6
42. Kf4 Kf6 43. Rb3 Nc2 44. Bxc2 Rxc2 45. Ke3 Rc4 46. Rc3 Rxc3+ 47. Nxc3 Bc8 48.
f4 g5 49. hxg5+ hxg5 50. g3 gxf4+ 51. gxf4 Ke7 52. e5 Bh3 53. Ne4 dxe5 54. fxe5
Bg2 55. Kd4 Kd8 56. Nc5 Kc7 57. Nxa6+ Kb6 58. Nc5 Kc7 59. Ne4 Kd7 60. Nf6+ Ke7
61. Kc5 Bf1 62. Kc6 Bg2 63. Kxb5 Bxd5 64. Nxd5+ Ke6 65. Nc3 Kxe5 66. Kc5 1-0

[Event "Mondiale Lampo FIDE 2022"]
[Site "Alma Ata"]
[Date "29.12.2022"]
[Round "4.55"]
[White "Svane, Frederik"]
[Black "Zhigalko, Sergei"]
[Result "1-0"]
[WhiteTitle ""]
[BlackTitle ""]
[WhiteElo "2568"]
[BlackElo "2572"]
[WhiteFideId "12923044"]
[BlackFideId "13502956"]
[EventDate "29.12.2022"]

1. e4 c5 2. Nf3 Nc6 3. Bb5 Nf6 4. Bxc6 dxc6 5. d3 Bg4 6. Nbd2 Qc7 7. h3 Bh5 8.
b3 e5 9. Nf1 Nd7 10. Ng3 Bg6 11. Nh4 O-O-O 12. O-O f6 13. Nxg6 hxg6 14. Be3 Bd6
15. a4 Kb8 16. a5 Nf8 17. Qg4 g5 18. c3 Rh4 19. Qf3 Ne6 20. Nf5 Rhh8 21. a6 b6
22. Rfd1 g6 23. Nxd6 Qxd6 24. Rab1 Rhf8 25. b4 cxb4 26. Rxb4 c5 27. Rbb1 Rd7 28.
Qg3 Rfd8 29. Rd2 Qc6 30. Rbd1 Qa4 31. Qf3 Nf4 32. g3 Nxh3+ 33. Kg2 Nf4+ 34. gxf4
gxf4 35. Bxf4 exf4 36. Qxf4+ Kc8 37. Qxf6 Qxa6 38. d4 Qc4 39. Qe5 Kb7 40. d5 Rf8
41. Re1 Rdf7 42. Re3 Qb5 43. d6 Qd7 44. Qd5+ Kb8 45. e5 Qg4+ 46. Rg3 Qh4 47. e6
Rh7 48. Kg1 Qh2+ 49. Kf1 Qxg3 50. e7 Re8 51. fxg3 1-0

[Event "Mondiale Lampo FIDE 2022"]
[Site "Alma Ata"]
[Date "29.12.2022"]
[Round "4.56"]
[White "Sindarov, Javokhir"]
[Black "Harutyunyan, Tigran K."]
[Result "1-0"]
[WhiteTitle ""]
[BlackTitle ""]
[WhiteElo "2654"]
[BlackElo "2511"]
[WhiteFideId "14205483"]
[BlackFideId "13303635"]
[EventDate "29.12.2022"]

1. e4 e5 2. Nf3 Nc6 3. Bc4 Nf6 4. d3 Bc5 5. Nc3 h6 6. O-O a6 7. Be3 d6 8. Bxc5
dxc5 9. Nd5 O-O 10. a4 Rb8 11. a5 Bg4 12. Ne3 Bh5 13. h3 Ne8 14. Bd5 Nd4 15. g4
Nxf3+ 16. Qxf3 Bg6 17. Qg3 Qd6 18. Nc4 Qe7 19. Nxe5 Bh7 20. f4 Nd6 21. f5 Kh8
22. Nf3 c6 23. Ba2 c4 24. e5 Nb5 25. Bxc4 Nc7 26. Kh2 Rbd8 27. Rae1 Qb4 28. e6
Nd5 29. g5 Bxf5 30. gxh6 gxh6 31. Qe5+ 1-0

[Event "Mondiale Lampo FIDE 2022"]
[Site "Alma Ata"]
[Date "29.12.2022"]
[Round "4.57"]
[White "Makarian, Rudik"]
[Black "Gelfand, Boris"]
[Result "0-1"]
[WhiteTitle ""]
[BlackTitle ""]
[WhiteElo "2554"]
[BlackElo "2667"]
[WhiteFideId "44105681"]
[BlackFideId "2805677"]
[EventDate "29.12.2022"]

1. Nf3 c5 2. g3 Nc6 3. Bg2 g6 4. c4 Bg7 5. Nc3 d6 6. d3 Nf6 7. O-O O-O 8. a3 b6
9. Rb1 Bb7 10. b4 Qd7 11. Bg5 h6 12. Bd2 Rac8 13. b5 Nd4 14. e3 Nxf3+ 15. Bxf3
Rfd8 16. Bxb7 Qxb7 17. e4 e6 18. Qe2 d5 19. e5 Ne8 20. cxd5 exd5 21. f4 Qd7 22.
Rbe1 f5 23. exf6 Nxf6 24. a4 Re8 25. Qf3 Qf5 26. Kg2 h5 27. h3 c4 28. dxc4 dxc4
29. Rxe8+ Rxe8 30. Re1 Rd8 31. Re2 Rd3 32. Qa8+ Kh7 33. Be1 h4 34. Ne4 Nxe4 35.
Qxe4 c3 36. Qxf5 gxf5 37. Re7 hxg3 38. Rc7 Kg6 39. Bxg3 Rd2+ 40. Kf3 c2 41. Rc6+
Kh5 42. Bf2 0-1

[Event "Mondiale Lampo FIDE 2022"]
[Site "Alma Ata"]
[Date "29.12.2022"]
[Round "4.58"]
[White "Tari, Aryan"]
[Black "Batsuren, Dambasuren"]
[Result "1-0"]
[WhiteTitle ""]
[BlackTitle ""]
[WhiteElo "2659"]
[BlackElo "2525"]
[WhiteFideId "1510045"]
[BlackFideId "4902920"]
[EventDate "29.12.2022"]

1. e4 Nc6 2. d4 d5 3. e5 Bf5 4. Nf3 e6 5. c3 Nge7 6. Bd3 Bxd3 7. Qxd3 Nf5 8. O-O
Be7 9. g4 Nh4 10. Nxh4 Bxh4 11. f4 Be7 12. Nd2 h5 13. h3 hxg4 14. hxg4 Qd7 15.
Nf3 O-O-O 16. Kg2 f6 17. Be3 Rdg8 18. Rh1 Qe8 19. Rxh8 Rxh8 20. Rh1 Nd8 21. Rxh8
Qxh8 22. Qg6 Kd7 23. f5 c6 24. Bf4 Qf8 25. Bg3 Qf7 26. fxe6+ Qxe6 27. Qxg7 fxe5
28. Nxe5+ Kc8 29. g5 Bd6 30. Qh7 Bxe5 31. Bxe5 Nf7 32. g6 Nxe5 33. dxe5 Qg4+ 34.
Kh2 Qf4+ 35. Kh3 Qf5+ 36. Kh4 Qxe5 37. Qg8+ Kd7 38. Qf7+ Kd6 39. g7 Qh2+ 40. Kg5
Qg3+ 41. Kh6 Qh4+ 42. Kg6 Qe4+ 43. Qf5 Qe8+ 44. Kh7 Qe7 45. Qf4+ Kd7 46. Kh8 1-0